|
|
|
|
| LEADER |
00000nab a2200000 a 4500 |
| 001 |
vtls000647130 |
| 003 |
SK-MaSNL |
| 005 |
20260304091814.0 |
| 008 |
250425c1996 xo 0 slo |
| 015 |
|
|
|a SNBRB19rr/mm-uuuuu
|
| 035 |
|
|
|a CL0647269
|
| 035 |
|
|
|a urn:nbn:sk:snk-ab7i63
|
| 035 |
|
|
|a (urnnbn)urn:nbn:sk:snk:ar-005tqi
|
| 035 |
|
|
|a (uuid)a6d4cc2b-8cc2-45db-b94f-fb140c081c16
|
| 040 |
|
|
|a SNKBUCL
|b slo
|c SNKBUCL
|e AACR2
|
| 041 |
0 |
|
|a eng
|
| 044 |
|
|
|a xo
|c SK
|
| 080 |
|
|
|a 66.023.012.1:541.124:681.5
|2 1981
|
| 080 |
|
|
|a 541.124
|2 1981
|
| 080 |
|
|
|a 681.5
|2 1981
|
| 245 |
0 |
0 |
|a Decentralized Approach to a Control of Chemical Reactors
|c M. Bakošová, M. Karšaiová, A. Zemanovičová, M. Ondrovičová
|
| 300 |
|
|
|b Grafy 7, sch. 2, tab. 1, res. angl., lit. 12 zázn. v angl., slov.
|
| 650 |
0 |
7 |
|a reaktory chemické
|2 snkbucl
|9 944351
|
| 650 |
0 |
7 |
|a riadenie
|2 snkbucl
|9 924
|
| 655 |
|
7 |
|a články z novín a časopisov
|2 snkbucl
|9 267496
|
| 700 |
1 |
|
|a Bakošová, Monika,
|d 1958-
|4 aut
|9 216213
|
| 700 |
1 |
|
|a Karšaiová, Mária
|4 aut
|9 8872
|
| 700 |
1 |
|
|a Zemanovičová, A.
|4 aut
|9 803298
|
| 700 |
1 |
|
|a Ondrovičová, Magdaléna,
|d 1960-
|4 aut
|9 12355
|
| 773 |
0 |
|
|t Chemical papers. Chemické zvesti
|g Roč. 50, č. 6 (1996), s. 321-327
|x 0366-6352
|
| 850 |
|
|
|a Slovenská národná knižnica
|
| 852 |
|
|
|a Slovenská národná knižnica
|
| 958 |
|
|
|a article7
|
| 958 |
|
|
|a OND
|
| 958 |
|
|
|a NB
|
| 958 |
|
|
|a NX
|
| 958 |
|
|
|a RK
|
| 958 |
|
|
|a EUIPO
|
| 992 |
|
|
|a RBX
|
| 999 |
|
|
|c 2816913
|d 2818843
|